Name an island country that… - Statistics

General Stats
  • This quiz has been taken 106 times
    80 since last reset
  • The average score is 14 of 15
Answer Stats
Description Island % Correct
In Oceania Australia/Papua New Guinea/New Zealand/Solomon Island/Marshall Islands/Fiji/Tonga/Samoa/Tuvalu/Vanuatu/Nauru/Palau/Federated States of Micronesia/Kiribati
97%
In Africa Cape Verde/São Tome and Principe/Madagascar/Seychelles/Mauritius/Comoros
97%
In the Middle East Cyprus/Bahrain
97%
starts with C Cyprus/Comoros/Cape Verde/Cuba
97%
In the Mediterranean Cyprus/Malta
97%
starts with M Malta/Marshall Islands/Mauritius/Maldives/Madagascar
97%
Stars with S São Tomé and Principe/Seychelles/Samoa/Solomon Islands/Sri Lanka/Saint Lucia/Saint Kitts and Nevis/Saint Vincent and the Grenadines/Singapore
97%
is more that one word Sri Lanka/Federated States of Micronesia/New Zealand/Papua New Guinea/Dominican Republic/East Timor/Cape Verde/São Tome and Principe/Marshall Islands/Solomon Islands/Antigua and Barbuda/Trinidad and Tobago/Saint Kitts and Nevis/Saint Vincent and the Grenadines/United Kingdom
97%
In Asia Taiwan/Japan/Maldives/Sri Lanka/Bahrain/Cyprus/Indonesia/Brunei/Singapore/Philippines/East Timor
97%
starts with T Taiwan/Tuvalu/Trinidad and Tobago/Tonga
97%
is in the Lesser Antilles Antigua and Barbuda/Grenada/Dominica/Barbados/Trinidad and Tobago/Saint Kitts and Nevis/Saint Lucia/Saint Vincent and the Grenadines
95%
borders another country Haiti/Dominican Republic/Ireland/United Kingdom/Indonesia/East Timor/Brunei/Papua New Guinea
92%
is in the countries in WWII quiz United Kingdom/Japan
92%
On Hispaniola Dominican Republic/Haiti
90%
has a Jetpunk abbreviation Taiwan/Dominican Republic/New Zealand/Papua New Guinea/Federated States of Micronesia/United Kingdom
89%
No matching quizzes found
Score Distribution
Percent of People with Each Score
Percentile by Number Answered
Your Score History
You have not taken this quiz since the last reset